|
|
|
|
| LEADER |
00000cam a2200000 a 4500 |
| 005 |
20131217175943.0 |
| 007 |
cr|||| |||| |
| 008 |
130715s2013 spc f b 000 0 spa c |
| 017 |
|
|
|a DL B. 16432-2013
|b Biblioteca de Catalunya
|
| 020 |
|
|
|a 9788494130410
|
| 035 |
|
|
|a 11703
|
| 040 |
|
|
|d vLex
|
| 043 |
|
|
|a e-sp---
|
| 080 |
|
|
|a 37.02:025.4.03
|
| 090 |
|
|
|c 4628
|d 4628
|
| 245 |
0 |
4 |
|a Las Autoridades independientes de control de los medios de comunicacin̤ audiovisual
|h [Recurso electrn̤ico] /
|c Juan Carlos Gavara de Cara (ed.)
|
| 256 |
|
|
|a Servicio en ln̕ea
|
| 260 |
|
|
|a Barcelona :
|b J.M. Bosch,
|c 2013
|
| 300 |
|
|
|a 1 recurso electrn̤ico
|
| 506 |
1 |
|
|a Contenido solo disponible en los productos indicados
|d vLex Global
|d vLex Global (Academic Edition, excluding Law Schools)
|d vLex Global (U.S. Academic Edition, Law Schools)
|d vLex Global (U.S. Academic Edition, excluding Law Schools)
|d vLex Global (Academic Edition, Law Schools)
|
| 610 |
1 |
4 |
|a Espanya.
|t Ley 7/2010, de 31 de marzo, general de la comunicacin̤ audiovisual
|
| 650 |
|
|
|a Medios de comunicacin̤ de masas
|z Espaą
|
| 650 |
|
|
|a Polt̕ica del audiovisual
|z Espaą
|
| 650 |
|
|
|a Libertad de informacin̤
|z Espaą
|
| 650 |
|
|
|a Comunicacin̤ audiovisual
|x Derecho y legislacin̤
|z Espaą
|
| 650 |
|
|
|a Audiovisuales, Polt̕ica de
|
| 700 |
1 |
|
|a Gavara de Cara, Juan Carlos
|
| 740 |
0 |
|
|a vLex Libros (Servicio en ln̕ea)
|
| 856 |
4 |
0 |
|u http://vlex.com/source/las-autoridades-independientes-control-los-medios-comunicacion-audiovisual-11703
|z Acceso restringido
|
| 942 |
|
|
|c BOOK
|
| 999 |
0 |
|
|a Mass media
|
| 999 |
0 |
|
|a Freedom of information
|
| 999 |
0 |
|
|a Broadcasting policy
|